000
00368nam a2200145Ia 4500
008
100122s9999 xx 000 0 und d
082
_b
62554
_a
823
100
_a
शेळके उध्दव ज
245
_a
धग
260
_b
पॉप्युलर प्रकाशन
_c
2002
300
_a
250
630
_a
धग
730
_a
धग
942
_c
BOOK
999
_c
436892
_d
436889